000 00335 a2200133 4500
999 _c327587
_d327587
001 92514
003 NUST
005 20180120143646.0
008 180120b xxu||||| |||| 00| 0 eng d
020 _a978-0-141-03357-0
082 _a153.42/KAH
100 _aDaniel Kahneman
_99232
245 _aThinking, Fast and Slow
260 _aUnited Kingdom
_bPenguin Random House
_c2011
300 _aviii,499p.
942 _aCAE NUST
_cBK
_k153.42/KAH
_2ddc